LEADER 00903nam0-22003131i-450 001 990003308630403321 005 20230504115522.0 035 $a000330863 035 $aFED01000330863 035 $a(Aleph)000330863FED01 035 $a000330863 100 $a20030910d1992----km-y0itay50------ba 101 0 $afre 102 $aFR 105 $ay-------001yy 200 1 $aItineraires$elangue et civilisation francaises par la video$eficher d'utilisation$fBertrand Calmy, Anne-Marie Nisbet 210 $aParis$cHachette$d1992 215 $a22 p.$d30 cm$e1 videocassetta 610 0 $aLingua francese 676 $a448 700 1$aCalmy,$bBertrand$0131422 701 1$aNisbet,$bAnne-Marie$0289824 801 0$aIT$bUNINA$gRICA$2UNIMARC 901 $aBK 912 $a990003308630403321 952 $a441 CAL$bLINGUE 2644$fDECLI 959 $aDECLI 996 $aItinéraires$9445995 997 $aUNINA